000 00345nam a2200145Ia 4500
008 210210b1947 xxu||||| |||| 00| 0 eng d
041 _aeng
082 _a821/579
100 _aSACKVILLE (West V)
245 _aGarden
260 _aLondon
_bMichael Joseph Limited
_c1947
650 _aGarden
690 _aEnglish Literature
906 _a011747
999 _c130448
_d130448